000 00576nam a22002057a 4500
003 OSt
005 20150325162231.0
008 150302b xxu||||| |||| 00| 0 eng d
040 _cBMC
082 _a863
100 1 _aSender, Ramón J.
_929336
_d1901-1982
245 1 0 _aEn la vida de Ignacio Morel
_b: novela
_cRamón J. Sender
250 _a4ª ed
260 _aBarcelona
_bPlaneta
_c1970
300 _a259 p.
_c19 cm
490 _aAutores Españoles e Hispanoamericanos
586 _aPremio Editorial Planeta 1969
650 2 4 _929289
_aNovela española
942 _2ddc
_cBK
999 _c19105
_d19105